Classifica Marcatori Bundesliga 2016-2017 - Statistics

Statistiche generali
  • Questo quiz è stato fatto 10 volte
  • Il punteggio medio è 6 su 14
Statistiche sulle risposte
Gol Nazione Squadra Calciatore % Corretto
31 Gabon Borussia Dortmund Pierre-Emerick Aubameyang
100%
30 Polonia Bayern Monaco Robert Lewandowski
100%
21 Germania Red Bull Lipsia Timo Werner
90%
13 Paesi Bassi Bayern Monaco Arjen Robben
80%
15 Croazia Hoffenheim Andrej Kramarić
70%
25 Francia Colonia Anthony Modeste
50%
11 Messico Bayer Leverkusen Javier Hernández
40%
15 Germania Werder Brema Max Kruse
40%
11 Germania Borussia Mönchengladbach Lars Stindl
30%
12 Bosnia Hertha Berlino Vedad Ibišević
20%
16 Germania Wolfsburg Mario Gómez
10%
11 Germania Friburgo Florian Niederlechner
0%
11 Germania Hoffenheim Sandro Wagner
0%
11 Germania Werder Brema Serge Gnabry
0%
Nessun quiz corrispondente trovato
Distribuzione punteggi
Percentuale di utenti per punteggio
Percentile per numero di risposta
I tuoi punteggi nel tempo
Non hai fatto questo quiz